• 首页
  • 本馆介绍
  • 公告通知
  • 最新文献
  • 馆藏检索
  • 电子资源
  • 读者导购
  • 参考咨询
  • 我的图书馆
  • 登录
  • 详细信息显示
  • 放入我的书架
  • 预约/预借图书
  • 作者相关作品
  • 分类相关作品
  • 丛书相关作品
  • 出版社相关作品

书目信息

  • 表格格式
  • 工作单格式
  • 卡片格式
题名:
历史丰碑前的思考
    
 
作者: 张健 编著
分册:  
出版信息: 沈阳   辽宁人民出版社  1983
页数: 130页
开本: 19cm
丛书名:
单 册:
中图分类: K250.9
科图分类:
主题词: 近代史-中国--通俗读物
电子资源:
ISBN:
000 00643nam0 2200241 45
001 0183003424
005 20060719160252.71
010    @dCNY0.31
091    @aCN@b3090.676
100    @a19950630d1983 em y0chiy0121 ea
101 0  @achi
102    @aCN@b210000
105    @ay z 000yy
200 10 @a历史丰碑前的思考@Ali shi feng bei qian de si kao@f张健编著
210    @a沈阳@c辽宁人民出版社@d1983
215    @a130页@d19cm
606    @a近代史-中国@x通俗读物
607    @a中国-近代史@x通俗读物
690    @aK250.9@v3
701  0 @a张健@Azhang jian@4编著
801  2 @aCN@bNLC@c20060719
801  0 @aCN@bTSSF
905    @a10447@dK250.9@e136
    
    历史丰碑前的思考/张健编著.-沈阳:辽宁人民出版社,1983
    130页;19cm
    
    
    ISBN :CNY0.31
    
●
相关链接 在E读中查询图书 在五车中查询图书 在当当中查询图书 在豆瓣中查询图书


正题名:历史丰碑前的思考     索取号:K250.9/136         预约/预借

序号 登录号 条形码 馆藏地/架位号 状态 备注
1 0424283   204242836   密集书库/ [索取号:K250.9/136] 在馆    
唐山师范学院图书馆 欢迎您!
大连网信软件有限公司© 版权所有